SUAMI HENSEM, ISTERI OHSEM / (Record no. 4781)

000 -LEADER
fixed length control field pam a22 a 4500
003 - CONTROL NUMBER IDENTIFIER
control field AKMAL
005 - DATE AND TIME OF LATEST TRANSACTION
control field 20181122085040.0
008 - FIXED-LENGTH DATA ELEMENTS--GENERAL INFORMATION
fixed length control field 181121s2018 my ao g 000 0 may d
020 ## - INTERNATIONAL STANDARD BOOK NUMBER
International Standard Book Number 9789830975757
Qualifying information paperback
Terms of availability RM20.00
082 04 - DEWEY DECIMAL CLASSIFICATION NUMBER
Classification number 306.872 PAK
Edition number 23
090 00 - LOCALLY ASSIGNED LC-TYPE CALL NUMBER (OCLC); LOCAL CALL NUMBER (RLIN)
Classification number (OCLC) (R) ; Classification number, CALL (RLIN) (NR) 306.872
Local cutter number (OCLC) ; Book number/undivided call number, CALL (RLIN) PAK
100 0# - MAIN ENTRY--PERSONAL NAME
Personal name Pak Utih,
Dates associated with a name 1954-
Relator term author.
9 (RLIN) 9127
245 10 - TITLE STATEMENT
Title SUAMI HENSEM, ISTERI OHSEM /
Statement of responsibility, etc. PAK UTIH ; Editor Amir Abd. Hamid
264 #1 - PRODUCTION, PUBLICATION, DISTRIBUTION, MANUFACTURE, AND COPYRIGHT NOTICE
Place of production, publication, distribution, manufacture Petaling Jaya, Selangor :
Name of producer, publisher, distributor, manufacturer Galeri Ilmu Sdn. Bhd.,
Date of production, publication, distribution, manufacture, or copyright notice 2018
300 ## - PHYSICAL DESCRIPTION
Extent 228 pages :
Other physical details colour illustrations, colour photographs ;
Dimensions 22 cm
650 10 - SUBJECT ADDED ENTRY--TOPICAL TERM
General subdivision Conduct of life
9 (RLIN) 472
650 20 - SUBJECT ADDED ENTRY--TOPICAL TERM
Topical term or geographic name entry element Married people
9 (RLIN) 9124
700 0# - ADDED ENTRY--PERSONAL NAME
Personal name Amir Abd. Hamid,
Relator term editor.
9 (RLIN) 9128
942 ## - ADDED ENTRY ELEMENTS (KOHA)
Source of classification or shelving scheme
Koha item type Book
Holdings
Withdrawn status Lost status Source of classification or shelving scheme Damaged status Not for loan Collection code Home library Current library Shelving location Date acquired Inventory number Total Checkouts Full call number Barcode Date last seen Date last checked out Price effective from Koha item type
          NON-FICTION AKMAL Melaka AKMAL Melaka PINJAMAN 22.11.2018 307249 1 306.872 PAK 201707762 14.08.2025 08.08.2025 22.11.2018 Book
          NON-FICTION AKMAL Melaka AKMAL Melaka PINJAMAN 22.11.2018 307250 1 306.872 PAK 201707761 19.04.2019 08.04.2019 22.11.2018 Book
Pusat Sumber Maklumat Dato' Haji Sarmin Md Hussin, Akademi Kastam Diraja Malaysia, Melaka
Tel: 06-2331106 | Faks: 06-2313787